Kudrun /

Bibliographic Details
Uniform Title:Kudrun.
Other Authors: Symons, Barend, 1853-, Boesch, Bruno, 1911-
Format: Book
Language:German
Published: Tubingen : M. Niemeyer, 1954.
Edition:3. verb. Aufl.
Series:Altdeutsche Textbibliothek ; nr. 5
Subjects:

MARC

Tag First Indicator Second Indicator Subfields
LEADER 00000cam a2200000 i 4500
001 in00000027682
005 20151007062707.0
008 791214s1954 gw 00000 ger d
035 |a (OCoLC)05795464 
035 |9 AAD5573AM 
040 |a NGU  |c NGU  |d TXA  |d UtOrBLW 
049 |a TXAM  |c [265907] 
090 |a PT1528.A2  |b S8 1954 
092 |a 831  |b G923k3 
130 0 |a Kudrun. 
245 1 0 |a Kudrun /  |c hrsg. von B. Symons. 
250 |a 3. verb. Aufl.  |b von Bruno Boesch. 
264 1 |a Tubingen :  |b M. Niemeyer,  |c 1954. 
300 |a lviii, 302 pages 
336 |a text  |b txt  |2 rdacontent 
337 |a unmediated  |b n  |2 rdamedia 
338 |a volume  |b nc  |2 rdacarrier 
490 0 |a Altdeutsche Textbibliothek ; nr. 5 
650 0 |a German language  |y Middle High German, 1050-1500  |v Texts. 
700 1 |a Symons, Barend,  |d 1853- 
700 1 |a Boesch, Bruno,  |d 1911- 
999 |a MARS 
999 f f |s 63871ca7-d53c-326a-8eb4-c7df9a656dab  |i 658feb5e-2bc6-3c11-9535-2aab4ff03dfe  |t 0 
952 f f |p ric  |a Texas A&M University  |b Rellis Campus  |c Joint Library Facility  |d Remote Storage  |t 0  |e PT1528.A2 S8 1954  |h Library of Congress classification  |i unmediated -- volume  |m A14801350714 
998 f f |a PT1528.A2 S8 1954  |t 0  |l Remote Storage